Kontrafaktik der Gegenwart : Politisches Schreiben Als Realitätsvariation Bei Christian Kracht, Kathrin Röggla, Juli Zeh und Leif Randt.

Die Reihe Gegenwartsliteratur - Autoren und Debatten präsentiert konzise Auseinandersetzungen mit vorwiegend deutschsprachiger Literatur nach 1989. Sie ermöglicht ihren Leserinnen und Lesern Annäherungen an Texte, deren Bedeutungsspektrum noch längst nicht ausgeleuchtet ist. Die thematisch fokus...

Full description

Bibliographic Details
Main Author: Navratil, Michael.
Format: eBook
Language:German
Published: Berlin/Boston : Walter de Gruyter GmbH, 2021.
Edition:1st ed.
Series:Gegenwartsliteratur Series
Subjects:
Online Access:Click to View
LEADER 01964nam a22003733i 4500
001 EBC7015473
003 MiAaPQ
005 20231204023226.0
006 m o d |
007 cr cnu||||||||
008 231204s2021 xx o ||||0 ger d
020 |a 9783110763119  |q (electronic bk.) 
035 |a (MiAaPQ)EBC7015473 
035 |a (Au-PeEL)EBL7015473 
035 |a (OCoLC)1294385362 
040 |a MiAaPQ  |b eng  |e rda  |e pn  |c MiAaPQ  |d MiAaPQ 
100 1 |a Navratil, Michael. 
245 1 0 |a Kontrafaktik der Gegenwart :  |b Politisches Schreiben Als Realitätsvariation Bei Christian Kracht, Kathrin Röggla, Juli Zeh und Leif Randt. 
250 |a 1st ed. 
264 1 |a Berlin/Boston :  |b Walter de Gruyter GmbH,  |c 2021. 
264 4 |c {copy}2022. 
300 |a 1 online resource (618 pages) 
336 |a text  |b txt  |2 rdacontent 
337 |a computer  |b c  |2 rdamedia 
338 |a online resource  |b cr  |2 rdacarrier 
490 1 |a Gegenwartsliteratur Series 
520 |a Die Reihe Gegenwartsliteratur - Autoren und Debatten präsentiert konzise Auseinandersetzungen mit vorwiegend deutschsprachiger Literatur nach 1989. Sie ermöglicht ihren Leserinnen und Lesern Annäherungen an Texte, deren Bedeutungsspektrum noch längst nicht ausgeleuchtet ist. Die thematisch fokussierten Bände liefern Impulse zu den drängendsten Fragen der literarischen Jetztzeit. 
588 |a Description based on publisher supplied metadata and other sources. 
590 |a Electronic reproduction. Ann Arbor, Michigan : ProQuest Ebook Central, 2023. Available via World Wide Web. Access may be limited to ProQuest Ebook Central affiliated libraries.  
655 4 |a Electronic books. 
776 0 8 |i Print version:  |a Navratil, Michael  |t Kontrafaktik der Gegenwart  |d Berlin/Boston : Walter de Gruyter GmbH,c2021 
797 2 |a ProQuest (Firm) 
830 0 |a Gegenwartsliteratur Series 
856 4 0 |u https://ebookcentral.proquest.com/lib/matrademy/detail.action?docID=7015473  |z Click to View